000 00516nam a2200181Ia 4500
005 20250326124731.0
008 250326s9999 xx 000 0 und d
037 _aTextbook
040 _aFMSL
_beng
_cFMSL
041 _aeng
_2eng
084 _aX:89A L9
_qFMSL
100 _aHandler G Y
_9737885
245 0 _aLocation on networks theory and algorithms
_cHandler G Y; Mirchandani P B
260 _aLondon
_bLondon, MIT
_c1979
300 _a233p
942 _cTB
_hX:89A L9
999 _c1274969
_d1274969